000 00437nam a2200181Ia 4500
001 9174
005 20260306160704.0
008 260306t1967||||xx |||||||||||||| ||spa||
041 _aESP
082 _a374.1
_bB34
100 _aBeckhard, Richard,
_eAUT
245 0 _aComo planear y dirigir seminarios y congresos
260 _c1967
300 _a79 páginas :
_c20 cm.
650 _aGEN
654 _aCED
942 _cLIB
_dJUS
_fJUS
_2ddc
_n
999 _c9174
_d9174